Statistics for All Mortal Kombat Characters

Click here to take the quiz!

General Stats

  • This quiz has been taken 6,641 times
    (468 since last reset)
  • The average score is 40 of 90

Answer Stats

Mortal Kombat% Correct
Scorpion
93%
Sub-Zero
93%
Johnny Cage
90%
Liu Kang
85%
Raiden
85%
Sonya Blade
79%
Goro
78%
Reptile
78%
Kitana
75%
Jax
73%
Kano
73%
Mileena
72%
Cassie Cage
70%
Shao Kahn
69%
Shang Tsung
68%
Kung Lao
66%
Noob Saibot
63%
Smoke
63%
Jade
62%
Baraka
61%
Rain
55%
Cyrax
54%
Ermac
54%
Sindel
53%
Jason Voorhees
51%
Quan Chi
51%
Sektor
51%
The Joker
51%
Freddy Krueger
50%
Kabal
49%
Terminator T-800
49%
Xenomorph Alien
49%
Jacqui Briggs
47%
John Rambo
46%
Kintaro
46%
Kotal Khan
46%
Predator
46%
Skarlet
46%
Sheeva
45%
Stryker
45%
Nightwolf
43%
Frost
42%
Kratos
42%
Tanya
42%
D'Vorah
41%
Erron Black
40%
Kenshi
40%
Motaro
40%
Leatherface
39%
RoboCop
39%
Shinnok
39%
Bo' Rai Cho
37%
Ferra/Tor
37%
Geras
36%
Tremor
35%
Khameleon
34%
Takeda Takahashi
34%
Chameleon
33%
Kollector
33%
Omni-Man
33%
Fujin
32%
Kung Jin
32%
Meat
32%
Nitara
32%
Blaze
31%
Cetrion
31%
Spawn
31%
Li Mei
30%
Havik
29%
Onaga
29%
Peacemaker
29%
Ashra
28%
Darrius
28%
Mokap
28%
Reiko
28%
Triborg
28%
Kai
27%
Mavado
27%
Shujinko
27%
Sareena
26%
Taven
26%
Daegon
25%
Kobra
24%
Jarek
23%
Kira
23%
Hsu Hao
22%
Drahmin
21%
Hotaru
21%
Moloch
21%
Dairou
20%

Score Distribution

Percentile by Number Answered

Percent of People with Each Score

Your Score History

You have not taken this quiz since the last reset